| 000 | 00842cab a2200289 4500 | ||
|---|---|---|---|
| 001 | ABS55692 | ||
| 008 | 090401t1996 xxu||||| |||| 00| 0 eng d | ||
| 035 | _a(Sirsi) u18083 | ||
| 041 | _aeng | ||
| 245 | _aHouses in multiple occupation | ||
| 260 | _c1996 | ||
| 350 | _a0 | ||
| 490 |
_aEstates Gazette _v(9635) 31 August 1996, 82-84(3) |
||
| 520 | _aMainly for Student article defines `multiple occupation` in terms of housing law . | ||
| 650 | _aBARNES V SHEFFIELD CITY COUNCIL | ||
| 650 | _aFIRE PRECAUTIONS | ||
| 650 | _aHOLM V KENSINGTON AND CHELSEA RBC | ||
| 650 | _aHOUSES IN MULTIPLE OCCUPATION | ||
| 650 | _aHOUSING ACT 1969 | ||
| 650 | _aHOUSING ACT 1985 PART X1 | ||
| 650 | _aHOUSING LAW | ||
| 650 | _aMEANS OF ESCAPE | ||
| 650 | _aSIMMONS V PIZZEY | ||
| 690 | _aHOUSING | ||
| 942 | _n0 | ||
| 948 | _c04/03/1997 | ||
| 999 |
_c11993 _d11993 |
||